| 000 | 00000nam##2200000za#4500 |
| 001 | 9.607706 |
| 003 | CaOODSP |
| 005 | 20210624213247 |
| 007 | cr ||||||||||| |
| 008 | 150406|1999||||xxc|||||o f|0| 0 fre|d |
| 040 | |aCaOODSP|bfre |
| 043 | |an-cn--- |
| 086 | 1 |aNH18-22/99-114F-PDF |
| 110 | 2 |aSociété canadienne d'hypothèques et de logement. |
| 245 | 10|aMéthodes de contrôle sur place des problèmes d'étanchéité à l'air, de condensation et de pénétration de la pluie auxquels sont soumis les murs extérieurs / |h[ressource électronique] |
| 260 | |aOttawa - Ontario : |bSociété canadienne d'hypothèques et de logement |c[1999]. |
| 300 | |a4p.|bgraphique |
| 490 | 1 |aLe point en recherche et développement; série technique|v99-114 |
| 500 | |aFichier reproduit à partir de l'original imprimé. |
| 590 | |a14-16-Supp|b2014-09-25 |
| 775 | 08|tOn-site exterior wall monitoring methods for air leakage, condensation and rain penetration control problems |w(CaOODSP)9.580763 |
| 776 | 0#|tMéthodes de contrôle sur place des problèmes d'étanchéité à l'air, de condensation et de pénétration de la pluie auxquels sont soumis les murs extérieurs |w(CaOODSP)9.625617 |
| 830 | #0|aLe point en recherche et développement; série technique ;|v99-114|w(CaOODSP)9.500900 |
| 856 | 40|ahttp://publications.gc.ca|qPDF|s230 Ko|uhttps://publications.gc.ca/collections/collection_2014/schl-cmhc/NH18-22-99-114-fra.pdf|y99-114 |